000 00713nam a2200253Ia 4500
003 OSt
005 20220927103928.0
006 a|||||r|||| 00| 0
007 ta
008 220926b |||||||| |||| 00| 0 eng d
024 _a72123
037 _cReference Collections
040 _aRTL
_cRTL
_beng
041 _2eng
_aeng
082 _a"XM8,65.63.N8, UN/M2"
110 _aUNITED NATIONS
245 0 _aTransnational corporations in Southern Affrica
_b Up
260 _aNew
_bYork U N
_c1982
300 _a44p
_ccm.
650 _aMultinational
_9362240
700 _aUNITED NATIONS
942 _h"XM8,65.63.N8, UN/M2"
_cCC
999 _c685160
_d685160